States Where Chain Restaurant Was First Located - Statistics

General Stats
  • This quiz has been taken 69 times
    18 since last reset
  • The average score is 10 of 29
Answer Stats
Restaurant State % Correct
Starbucks Washington
100%
In-N-Out California
85%
Panda Express California
62%
Chick-Fil-A Georgia
62%
Sbarro's New York
54%
Jamba Juice California
46%
Jack in the Box California
46%
Taco Bell California
46%
Waffle House Georgia
46%
Fuddrucker's Texas
46%
Burger King Florida
38%
Dunkin Donuts Massachusetts
38%
Nathan's Famous New York
38%
TGI Friday's New York
31%
Benihana New York
31%
Dairy Queen Illinois
23%
White Castle Kansas
23%
Little Caesar's Michigan
23%
Blimpie New Jersey
23%
Five Guys Virginia
23%
Baja Fresh Arizona
15%
Chipotle Colorado
15%
Hooters Florida
15%
KFC Utah
15%
Cold Stone Creamery Arizona
8%
Subway Connecticut
8%
Pizza Hut Kansas
8%
Wendy's Ohio
8%
Sonic Oklahoma
8%
No matching quizzes found
Score Distribution
Percent of People with Each Score
Percentile by Number Answered
Your Score History
You have not taken this quiz since the last reset